000 005490000a22001810004500
003 MACL
005 20160426162608.0
008 160426b xxu||||| |||| 00| 0 eng d
040 _aMACL
_cMACL
041 _aHindi
082 _a800
100 _aराजेन्‍द्र अवस्‍थी
_954131
245 _aएक परदेशी के नाम
260 _bआत्‍माराम एण्‍ड संस
_c1999
_aदिल्‍ली
350 _a300
650 _aLiteracture
_954132
942 _cHIN
_k800/RAJ/L
_2ddc
999 _c9168
_d9168